banner-ar

علم النفس الحديث : (Record no. 62262)

MARC details
000 -الفاتح
حقل البيانات ثابتة الطول 01243nam a22002897a 4500
005 - وقت وتاريخ اخر تعامل مع التسجيلة
رقم الضبط 20240530110541.0
008 - عناصر البيانات ثابتة الطول - معلومات عامة
حقل البيانات ثابتة الطول 160514s2012 ua a g b 000 0 ara d
017 ## - رقم الايداع القانونى
رقم الايداع القانونى 2012/19618
المصدر ( الهيئة المختصة) مصر . دار الكتب المصرية
020 ## - الرقم الدولى المعيارى للكتب
الرقم الدولى المعيارى للكتاب 9789773504909
040 ## - مصدر الفهرسة
وكالة الفهرسة الأصلية EG-CaGPL
082 04 - رقم تصنيف ديوى العشرى
رقم الطبعة 21
رقم التصنيف 155.24\
رقم المادة أ ع
100 0# - المدخل الرئيسى - إسم شخصى
الإسم الشخصى احمد الحسينى هلال .
245 10 - بيان العنوان
العنوان علم النفس الحديث :
بقية العنوان الضبط التنفيذى و الوظائف التنفيذية : المفهوم - النظرية - التطبيق - التأهيل /
بيان المسئوليه,etc تاليف احمد الحسينى هلال ، شهدان محمد عثمان ابراهيم .
250 ## - بيان الطبعة
بيان الطبعة ط.1
260 ## - PUBLICATION, DISTRIBUTION, ETC. (IMPRINT)
تاريخ النشر أو التوزيع 2012 .
300 ## - الوصف المادى
التعداد 195 ص ؛
أبعاد الوعاء 24 سم .
504 ## - تبصرة ببليوجرافية
تبصرة ببليوجرافية,الخ ببليوجرافية : ص 173 - 195
650 04 - المدخل الاضافى بالموضوع-مصطلح موضوعى
مصطلح موضوعي علم النفس الحديث .
650 04 - المدخل الاضافى بالموضوع-مصطلح موضوعى
مصطلح موضوعي الاكتئاب .
650 04 - المدخل الاضافى بالموضوع-مصطلح موضوعى
مصطلح موضوعي الوسواس القهرى .
650 04 - المدخل الاضافى بالموضوع-مصطلح موضوعى
مصطلح موضوعي القلق .
650 04 - المدخل الاضافى بالموضوع-مصطلح موضوعى
مصطلح موضوعي علم النفس المرضى .
650 04 - المدخل الاضافى بالموضوع-مصطلح موضوعى
مصطلح موضوعي علم النفس التربوى .
700 0# - المدخل الاضافى - اسم شخصى
الإسم الشخصى شهدان محمد عثمان ابراهيم
الدور مؤلف مشارك .
942 ## - عناصر المدخل الإضافي( كوها)
مصدر التصنيف او مخطط الترفيف Dewey Decimal Classification
Koha [default] item type كتاب
260 ## - PUBLICATION, DISTRIBUTION, ETC. (IMPRINT)
-- القاهرة :
-- دار الكتاب الحديث ،
Holdings
حالة التراجع حالة الفقد حالة تلف ليس للاعارة المكان المؤقت الموقع الحالى تاريخ الاكتساب اجمالي اﻻعارات رقم الطلب الباركود تاريخ اخر مشاهدة تاريخ تفعيل السعر نوع وعاء كوها
        مكتبة القاهرة الكبرى مكتبة القاهرة الكبرى 05/14/2016   155.24\ أ ع 161934 05/14/2016 05/14/2016 كتاب

Powered By

EGPV